[Event "AUTO-INT-3874"]
[Site "http://www.queenalice.com/game.php?id=1834861"]
[Date "2024.4.9"]
[Round "1"]
[White "Racey"]
[Black "ThiagoBrumN"]
[Result "0-1"]
[WhiteElo "1521"]
[BlackElo "1682"]

1. e4 d5 2. Bb5+ c6 3. Bd3 Nf6 4. e5 Ng4 5. f4 Qb6 6. Nh3 Na6 7. a4 Nc5 8. a5
Nxd3+ 9. cxd3 Qd4 10. Qf3 Bf5 11. Ra3 e6 12. g3 Bxa3 13. Nxa3 Bxd3 14. b4 f5 15.
Nf2 Nxf2 16. Qxf2 Qe4+ 17. Kd1 Qxh1+ 18. Qe1 Qf3+ 19. Qe2 Qxe2# 0-1